[Event "AUTO-OPEN-4210"]
[Site "http://www.queenalice.com/game.php?id=1637577"]
[Date "2020.12.25"]
[Round "2"]
[White "z3r0vulc4n"]
[Black "Rolando9302"]
[Result "0-1"]
[WhiteElo "1800"]
[BlackElo "2257"]

1. d4 d5 2. Nf3 Nc6 3. e3 Bg4 4. Be2 e6 5. O-O Be7 6. h3 Bh5 7. a4 Nf6 8. c4 O-O
9. Nc3 dxc4 10. Bxc4 Nb4 11. Be2 c5 12. b3 Bg6 13. dxc5 Bxc5 14. Ba3 Qe7 15. Bc4
Rfd8 16. Qe1 Nc2 17. Qc1 Nxa3 18. Nb5 Nxc4 19. Qxc4 Rac8 20. Rfd1 Bxe3 21. fxe3
Rxc4 22. Rxd8+ Qxd8 23. Nxa7 Rc2 24. Nb5 Qb6 25. Nfd4 Rc8 0-1

[Event "AUTO-OPEN-4210"]
[Site "http://www.queenalice.com/game.php?id=1637578"]
[Date "2020.12.25"]
[Round "2"]
[White "Rolando9302"]
[Black "z3r0vulc4n"]
[Result "1-0"]
[WhiteElo "2258"]
[BlackElo "1782"]

1. d4 d5 2. c4 c6 3. Nf3 Nf6 4. Nc3 e6 5. e3 Bb4 6. Qb3 Bxc3+ 7. Qxc3 O-O 8. b3
Ne4 9. Qc2 h6 10. Bd3 Nd7 11. Bxe4 dxe4 12. Qxe4 Nf6 13. Qc2 b6 14. O-O c5 15.
dxc5 bxc5 16. Rd1 Qc7 17. Bb2 Bb7 18. Ne5 Rad8 19. h3 Ba8 20. f3 Nd7 21. Nxd7
Rxd7 22. Rxd7 Qxd7 23. Rd1 Qb7 24. Qd3 f6 25. Qd6 e5 26. Ba3 Qb8 27. Bxc5 Qxd6
28. Rxd6 Rc8 29. Bxa7 Kf7 30. Rd7+ Kg6 31. a4 h5 32. Bb6 Bc6 33. Rd6 Kf5 34. a5
e4 35. f4 g5 36. Bd4 gxf4 37. Rxf6+ Kg5 38. exf4+ Kh4 39. Bf2# 1-0

[Event "AUTO-OPEN-4210"]
[Site "http://www.queenalice.com/game.php?id=1637581"]
[Date "2020.12.25"]
[Round "2"]
[White "Walbrodt"]
[Black "Rolando9302"]
[Result "1-0"]
[WhiteElo "2887"]
[BlackElo "2332"]

1. e4 c5 2. Nf3 Nc6 3. d4 cxd4 4. Nxd4 a6 5. Nc3 d6 6. Be3 Nf6 7. f3 e6 8. Qd2
Be7 9. O-O-O O-O 10. g4 Nd7 11. h4 Nxd4 12. Bxd4 b5 13. g5 b4 14. Na4 Qa5 15. b3
Bb7 16. a3 d5 17. g6 Qc7 18. gxh7+ Kh8 19. Rg1 e5 20. Be3 Rac8 21. Bh3 bxa3 22.
Kb1 f5 23. Bh6 Bf6 24. Bxf5 Rf7 25. exd5 gxh6 26. Rg8+ Rxg8 27. hxg8=Q+ Kxg8 28.
Be6 Kf8 29. Qxh6+ Bg7 30. Qg6 Rf6 31. Qh7 Rxe6 32. dxe6 Nf6 33. Qg6 Bc6 34. Rd7
1-0

[Event "AUTO-OPEN-4210"]
[Site "http://www.queenalice.com/game.php?id=1637582"]
[Date "2020.12.25"]
[Round "2"]
[White "Rolando9302"]
[Black "Walbrodt"]
[Result "0-1"]
[WhiteElo "2321"]
[BlackElo "2885"]

1. d4 Nf6 2. c4 g6 3. Nc3 Bg7 4. g3 O-O 5. Bg2 d6 6. Nf3 Nbd7 7. O-O e5 8. e4
Re8 9. d5 Nc5 10. Qc2 a5 11. h3 c6 12. Be3 cxd5 13. cxd5 b6 14. Rac1 Ba6 15.
Rfd1 Rc8 16. Qb1 Nfd7 17. h4 f5 18. Bg5 Bf6 19. exf5 e4 20. Nd4 Bxg5 21. hxg5
gxf5 22. Nxf5 Qxg5 23. Nxe4 Qxf5 24. Nxd6 Qf6 25. Rd2 Qxd6 26. Re1 Ne5 0-1

[Event "AUTO-OPEN-4199"]
[Site "http://www.queenalice.com/game.php?id=1638215"]
[Date "2020.12.30"]
[Round "2"]
[White "wudang"]
[Black "Rolando9302"]
[Result "1-0"]
[WhiteElo "2532"]
[BlackElo "2301"]

1. e4 c5 2. Nf3 Nc6 3. d4 cxd4 4. Nxd4 a6 5. c4 Nf6 6. Nc3 Qc7 7. Be3 e6 8. Be2
Bb4 9. Nxc6 dxc6 10. O-O Bxc3 11. bxc3 O-O 12. f3 c5 13. Bg5 h6 14. Bxf6 gxf6
15. Qd2 Kh7 16. Rad1 e5 17. Qd6 Qxd6 18. Rxd6 Be6 19. Rfd1 b5 20. Rb6 Rab8 21.
Rxa6 1-0

[Event "AUTO-OPEN-4199"]
[Site "http://www.queenalice.com/game.php?id=1638216"]
[Date "2020.12.30"]
[Round "2"]
[White "Rolando9302"]
[Black "wudang"]
[Result "0-1"]
[WhiteElo "2306"]
[BlackElo "2528"]

1. d4 Nf6 2. c4 e6 3. Nc3 Bb4 4. f3 d5 5. e4 dxe4 6. a3 Bxc3+ 7. bxc3 c5 8. fxe4
Nxe4 9. Qf3 Qa5 10. Ne2 f5 11. Qh5+ g6 12. Qh6 cxd4 13. Qg7 Rf8 14. Qxh7 Nd7 15.
Qxg6+ Kd8 16. Bg5+ Kc7 17. Rd1 Rf6 18. Qg7 dxc3 19. Bxf6 c2+ 20. Bc3 cxd1=Q+ 21.
Kxd1 Qxa3 0-1

[Event "AUTO-MASTER-2991"]
[Site "http://www.queenalice.com/game.php?id=1640720"]
[Date "2021.1.20"]
[Round "2"]
[White "filou"]
[Black "Rolando9302"]
[Result "0-1"]
[WhiteElo "2321"]
[BlackElo "2320"]

1. e4 c5 2. Nf3 Nc6 3. d4 cxd4 4. Nxd4 a6 5. c4 Nf6 6. Nc3 Qc7 7. Be3 e6 8. a3
Bd6 9. h3 O-O 10. Bd3 b6 11. O-O Bb7 12. Nxc6 Bxc6 13. f4 e5 14. f5 Bc5 15. Bxc5
bxc5 16. Bc2 d6 17. Nd5 Bxd5 18. exd5 Rab8 19. Rb1 Qd8 20. Qd2 h6 21. b3 Nh5 22.
b4 cxb4 23. axb4 Qc7 24. Bb3 Qb6+ 25. Rf2 Nf6 26. Bc2 Rfc8 27. Qe2 Qc7 28. Bd3
e4 29. Bxe4 Re8 30. Rf4 Qb6+ 31. Kh2 Qd4 32. Rbf1 Rxe4 33. Rxe4 Nxe4 34. Rf4 Re8
35. h4 Qe5 36. g3 Nf6 0-1

[Event "AUTO-MASTER-2991"]
[Site "http://www.queenalice.com/game.php?id=1640721"]
[Date "2021.1.20"]
[Round "2"]
[White "Rolando9302"]
[Black "filou"]
[Result "1/2-1/2"]
[WhiteElo "2315"]
[BlackElo "2297"]

1. d4 d5 2. c4 c6 3. Nf3 Nf6 4. Nc3 e6 5. e3 Nbd7 6. Bd3 dxc4 7. Bxc4 b5 8. Bd3
a6 9. O-O Bd6 10. Bd2 O-O 11. Qc2 h6 12. Ne4 Nxe4 13. Bxe4 Bb7 14. b4 f5 15. Bd3
c5 16. bxc5 Bxf3 17. gxf3 Qg5+ 18. Kh1 Qh5 19. cxd6 Qxf3+ 20. Kg1 Qg4+ 21. Kh1
Qf3+ 22. Kg1 1/2-1/2

[Event "AUTO-MASTER-2991"]
[Site "http://www.queenalice.com/game.php?id=1640724"]
[Date "2021.1.20"]
[Round "2"]
[White "Rutty"]
[Black "Rolando9302"]
[Result "0-1"]
[WhiteElo "2050"]
[BlackElo "2283"]

1. e4 c5 2. Nf3 Nc6 3. Nc3 Nf6 4. Bb5 d6 5. h3 Bd7 6. O-O g6 7. d4 cxd4 8. Nxd4
Bg7 9. Nxc6 Bxc6 10. Bxc6+ bxc6 11. Bf4 Nd7 12. Qd2 Rb8 13. Rab1 O-O 14. Rfe1
Re8 15. Bh6 Bh8 16. f4 Qc7 17. f5 Be5 18. Ne2 Rxb2 19. Rxb2 Bxb2 20. c3 Rb8 21.
Qd4 Qb6 22. fxg6 hxg6 23. Rb1 Qxd4+ 24. Nxd4 Bxc3 25. Rxb8+ Nxb8 26. Ne2 Be5 27.
Kf2 Na6 28. Be3 Nb4 29. a4 c5 30. Nc1 f5 31. exf5 gxf5 32. Nb3 Kf7 33. Kf3 Nc6
34. g4 fxg4+ 35. Kxg4 c4 36. Nc1 d5 37. Kf3 d4 38. Bf2 d3 39. Be3 Bc3 40. Na2
Ba5 0-1

[Event "AUTO-MASTER-2991"]
[Site "http://www.queenalice.com/game.php?id=1640725"]
[Date "2021.1.20"]
[Round "2"]
[White "Rolando9302"]
[Black "Rutty"]
[Result "1-0"]
[WhiteElo "2278"]
[BlackElo "2057"]

1. e4 e5 2. Nf3 Nc6 3. Bb5 Bc5 4. d3 h6 5. c3 Nf6 6. Bxc6 bxc6 7. Nxe5 O-O 8.
O-O Qe7 9. Bf4 Bb7 10. Qe2 d6 11. Nf3 Rfe8 12. Nbd2 Bb6 13. Nc4 Rad8 14. Rfe1
Ng4 15. Bg3 d5 16. Nxb6 cxb6 17. e5 h5 18. d4 g5 19. h3 Nh6 20. Qe3 f6 21. Qd2
Nf7 22. Qc2 Kg7 23. h4 g4 24. exf6+ Qxf6 25. Ne5 c5 26. Re3 Bc8 27. Kh2 Bf5 28.
Qa4 a5 29. Nxf7 Kxf7 30. dxc5 Rxe3 31. fxe3 bxc5 32. Qxa5 c4 33. Rd1 Be4 34. Rd2
Kg6 35. b3 cxb3 36. axb3 Rc8 37. c4 Rc6 38. cxd5 Ra6 39. Qc7 Ra1 40. Rf2 1-0

[Event "AUTO-MASTER-2991"]
[Site "http://www.queenalice.com/game.php?id=1640726"]
[Date "2021.1.20"]
[Round "2"]
[White "Alexandrovinsk"]
[Black "Rolando9302"]
[Result "0-1"]
[WhiteElo "2147"]
[BlackElo "2314"]

1. d4 Nf6 2. c4 g6 3. Nc3 d5 4. cxd5 Nxd5 5. e4 Nxc3 6. bxc3 Bg7 7. Bc4 O-O 8.
Nf3 Bg4 9. O-O c5 10. Be3 cxd4 11. cxd4 Nc6 12. e5 Rc8 13. Be2 Qd5 14. h3 Bf5
15. Qa4 Rfd8 16. Rfd1 Qa5 17. Qxa5 Nxa5 18. Rac1 Nc6 19. Bb5 Nb4 20. Bc4 Nd5 21.
Bxd5 Rxd5 22. Rxc8+ Bxc8 23. Rc1 Bf5 24. Rc7 Rb5 25. Rxe7 h6 26. Re8+ Kh7 27.
Re7 Be6 28. g4 Bxa2 29. Nd2 Bd5 30. Kh2 a5 0-1

[Event "AUTO-MASTER-2991"]
[Site "http://www.queenalice.com/game.php?id=1640727"]
[Date "2021.1.20"]
[Round "2"]
[White "Rolando9302"]
[Black "Alexandrovinsk"]
[Result "1-0"]
[WhiteElo "2288"]
[BlackElo "2116"]

1. d4 Nf6 2. c4 e6 3. Nc3 Bb4 4. f3 c5 5. a3 cxd4 6. axb4 dxc3 7. bxc3 O-O 8. e4
d6 9. Be3 b6 10. Nh3 Nc6 11. Be2 h6 12. O-O Bb7 13. Nf2 Qc7 14. c5 dxc5 15. bxc5
Na5 16. Qd6 Qxd6 17. cxd6 e5 18. Bb5 Rfd8 19. Rfd1 Nd7 20. Ng4 f6 21. Bxh6 gxh6
22. Bxd7 Kg7 23. Be6 Bc6 24. Ne3 Nb7 25. Nf5+ Kh7 26. Ne7 Bd7 27. Bd5 Rab8 28.
Rxa7 1-0

[Event "AUTO-MASTER-2979"]
[Site "http://www.queenalice.com/game.php?id=1641004"]
[Date "2021.1.23"]
[Round "2"]
[White "Rolando9302"]
[Black "rmvwoods"]
[Result "1-0"]
[WhiteElo "2259"]
[BlackElo "1986"]

1. d4 d5 2. c4 e6 3. Nc3 Nf6 4. cxd5 exd5 5. Bf4 Bd6 6. Bxd6 Qxd6 7. Nf3 Bg4 8.
Ne5 Nbd7 9. Nxg4 Nxg4 10. h3 Ngf6 11. e3 O-O 12. Bd3 Rfe8 13. O-O Ne4 14. Rc1 c6
15. Nxe4 dxe4 16. Be2 Nf6 17. Qb3 b5 18. a3 a5 19. Rfd1 Reb8 20. Rd2 Nd5 21. a4
b4 22. Rdc2 Ne7 23. Rc5 Kf8 24. Re5 Ng6 25. Rf5 f6 26. Rh5 h6 27. Rhc5 Ne7 28.
Bh5 g6 29. Bxg6 Nxg6 30. Rxc6 Qd8 31. Qe6 Nh8 32. R1c5 Rb7 33. Rc8 1-0

[Event "AUTO-MASTER-2979"]
[Site "http://www.queenalice.com/game.php?id=1641005"]
[Date "2021.1.23"]
[Round "2"]
[White "rmvwoods"]
[Black "Rolando9302"]
[Result "0-1"]
[WhiteElo "2010"]
[BlackElo "2252"]

1. d4 Nf6 2. c4 g6 3. Nc3 d5 4. cxd5 Nxd5 5. e4 Nxc3 6. bxc3 Bg7 7. Bc4 O-O 8.
Nf3 Bg4 9. Ba3 Nd7 10. Qd3 c5 11. d5 Qa5 12. Bb2 Nb6 13. Bb3 c4 14. Bxc4 Na4 15.
O-O Nxb2 0-1

[Event "AUTO-MASTER-2979"]
[Site "http://www.queenalice.com/game.php?id=1641006"]
[Date "2021.1.23"]
[Round "2"]
[White "Rolando9302"]
[Black "wudang"]
[Result "0-1"]
[WhiteElo "2318"]
[BlackElo "2520"]

1. d4 Nf6 2. c4 e6 3. Nf3 b6 4. Nc3 Bb7 5. Qc2 Bb4 6. e3 O-O 7. Be2 c5 8. dxc5
Be4 9. Qb3 bxc5 10. O-O Bxc3 11. Qxc3 Nc6 12. Ne5 Nxe5 13. Qxe5 d6 14. Qc3 Qe7
15. f3 Bg6 16. Qa5 e5 17. b4 cxb4 0-1

[Event "AUTO-MASTER-2979"]
[Site "http://www.queenalice.com/game.php?id=1641007"]
[Date "2021.1.23"]
[Round "2"]
[White "wudang"]
[Black "Rolando9302"]
[Result "1-0"]
[WhiteElo "2524"]
[BlackElo "2312"]

1. e4 c5 2. Nf3 Nc6 3. d4 cxd4 4. Nxd4 Nf6 5. Nc3 a6 6. Nxc6 dxc6 7. Qxd8+ Kxd8
8. Bf4 Ke8 9. O-O-O g6 10. Be2 Be6 11. Be5 Rg8 12. f4 Bg4 13. Rhe1 Bxe2 14. Rxe2
Bh6 15. g3 Rd8 16. Bd4 g5 17. f5 1-0

[Event "AUTO-MASTER-2972"]
[Site "http://www.queenalice.com/game.php?id=1645196"]
[Date "2021.2.28"]
[Round "2"]
[White "Rolando9302"]
[Black "wudang"]
[Result "0-1"]
[WhiteElo "2331"]
[BlackElo "2512"]

1. d4 Nf6 2. c4 e6 3. Nc3 Bb4 4. e3 O-O 5. Bd3 d5 6. a3 Be7 7. Nf3 Nbd7 8. b3 c5
9. O-O b6 10. cxd5 exd5 11. Bb2 Bb7 12. Ne2 Rc8 0-1

[Event "AUTO-MASTER-2972"]
[Site "http://www.queenalice.com/game.php?id=1645197"]
[Date "2021.2.28"]
[Round "2"]
[White "wudang"]
[Black "Rolando9302"]
[Result "1-0"]
[WhiteElo "2516"]
[BlackElo "2324"]

1. e4 c5 2. Nf3 d6 3. d4 cxd4 4. Nxd4 Nf6 5. Nc3 a6 6. Bd3 g6 7. f3 Bg7 8. Be3
Nbd7 9. Qd2 b5 10. O-O Bb7 11. Rfd1 O-O 12. a4 1-0